[Event "Oberliga NRW 1011"]
[Site "Germany"]
[Date "2010.11.28"]
[Round "3.8"]
[White "Hille, Ralph Ingo"]
[Black "Montignies, Rainer"]
[Result "0-1"]
[WhiteElo "2166"]
[BlackElo "2242"]
[PlyCount "106"]
[EventDate "2010.09.26"]
[EventType "team-tourn"]
[EventRounds "9"]
[EventCountry "GER"]
[SourceTitle "EXT 2012"]
[Source "ChessBase"]
[SourceDate "2011.11.24"]
[SourceVersion "1"]
[SourceVersionDate "2011.11.24"]
[SourceQuality "1"]
[WhiteTeam "Castrop Rauxel"]
[BlackTeam "Duisburg"]
[WhiteTeamCountry "GER"]
[BlackTeamCountry "GER"]

1. d4 e6 2. Nf3 c5 3. c4 cxd4 4. Nxd4 Nf6 5. Nc3 a6 6. e3 Qc7 7. Be2 d6 8. 0-0 Nbd7 9. Qc2 Be7 10. b3 b6 11. Bb2 Bb7 12. Rac1 Rc8 13. Rfd1 Ne5 14. Nf3 Nxf3+ 15. Bxf3 Bxf3 16. gxf3 b5 17. cxb5 axb5 18. Qe2 0-0 19. Qxb5 Rb8 20. Qd3 Qa5 21. Kh1 Rfc8 22. Rg1 Qh5 23. Rg3 Rc5 24. Ne4 Nxe4 25. Qxe4 Rxc1+ 26. Bxc1 Qa5 27. Bb2 e5 28. Qb1 Qd2 29. Rg2 Rc8 30. h3 Rc2 31. Ba3 d5 32. Bxe7 Rc1+ 33. Qxc1 Qxc1+ 34. Rg1 Qc2 35. Kg2 d4 36. exd4 exd4 37. Bg5 h6 38. Bc1 d3 39. b4 d2 40. Bxd2 Qxd2 41. a3 Qb2 42. b5 Qxb5 43. Re1 Qg5+ 44. Kf1 Kh7 45. Re3 Kg6 46. Rc3 Kh5 47. Ke2 Kh4 48. Kd3 Qd5+ 49. Kc2 Kxh3 50. Kb2 h5 51. a4 h4 52. Ka3 Kg2 53. Kb4 h3 0-1

[Event "Oberliga NRW 1011"]
[Site "Germany"]
[Date "2010.09.26"]
[Round "1.8"]
[White "Hille, Ralph Ingo"]
[Black "Tochtenhagen, Wolfgang"]
[Result "1-0"]
[WhiteElo "2166"]
[BlackElo "2132"]
[PlyCount "107"]
[EventDate "2010.09.26"]
[EventType "team-tourn"]
[EventRounds "9"]
[EventCountry "GER"]
[SourceTitle "EXT 2012"]
[Source "ChessBase"]
[SourceDate "2011.11.24"]
[SourceVersion "1"]
[SourceVersionDate "2011.11.24"]
[SourceQuality "1"]
[WhiteTeam "Castrop Rauxel"]
[BlackTeam "Aachen Aufwaerts"]
[WhiteTeamCountry "GER"]
[BlackTeamCountry "GER"]

1. b3 c5 2. Bb2 Nc6 3. f4 d5 4. e3 a6 5. Nf3 Nf6 6. g3 e6 7. Bg2 Bd6 8. 0-0 0-0 9. c4 d4 10. Kh1 Bc7 11. Na3 e5 12. fxe5 Ng4 13. exd4 cxd4 14. Nc2 Ngxe5 15. Nxe5 Bxe5 16. d3 Qg5 17. Bc1 Qg4 18. Bf4 Bf6 19. h3 Qxd1 20. Raxd1 Re8 21. g4 h6 22. Bxh6 Bh4 23. Bd2 Bd7 24. Be1 Bf6 25. Bg3 Re2 26. Rf2 Rae8 27. Bf3 R2e7 28. Bd5 Re2 29. Rd2 R2e3 30. Rf3 Rxf3 31. Bxf3 Bg5 32. Re2 Rxe2 33. Bxe2 f5 34. Bf3 Be3 35. Kg2 Kf7 36. Nxe3 dxe3 37. Bf4 Nb4 38. Bxe3 fxg4 39. hxg4 Nxd3 40. Bxb7 Bxg4 41. Bxa6 Nb4 42. Bb7 Nxa2 43. Bd2 Kf6 44. Be4 Bd1 45. b4 Ke5 46. Bb1 Bb3 47. c5 Kd4 48. Kg3 Kd5 49. Kf4 Kc4 50. c6 Nxb4 51. Bxb4 Kxb4 52. Ke5 Ba4 53. c7 Bd7 54. Bf5 1-0

[Event "Oberliga NRW 0910"]
[Site "Germany"]
[Date "2010.01.10"]
[Round "5.7"]
[White "Wessendorf, Thomas"]
[Black "Hille, Ralph Ingo"]
[Result "1-0"]
[WhiteElo "2277"]
[BlackElo "2145"]
[PlyCount "91"]
[EventDate "2009.09.20"]
[EventType "team-tourn"]
[EventRounds "9"]
[EventCountry "GER"]
[SourceTitle "EXT 2011"]
[Source "ChessBase"]
[SourceDate "2010.11.26"]
[SourceVersion "1"]
[SourceVersionDate "2010.11.26"]
[SourceQuality "1"]
[WhiteTeam "Katernberg II"]
[BlackTeam "Castrop Rauxel"]
[WhiteTeamCountry "GER"]
[BlackTeamCountry "GER"]

1. e4 b6 2. d4 Bb7 3. Bd3 e6 4. Nf3 c5 5. c3 Nf6 6. Qe2 Be7 7. 0-0 Nc6 8. a3 Na5 9. Nbd2 c4 10. Bc2 Qc7 11. d5 exd5 12. e5 Nh5 13. Nd4 Nf4 14. Qg4 Ne6 15. N2f3 0-0-0 16. Nb5 Qb8 17. Be3 Bc6 18. a4 h5 19. Qf5 Rdf8 20. Nfd4 g6 21. Qh3 a6 22. Nd6+ Bxd6 23. exd6 Qxd6 24. Nxe6 Qxe6 25. Qh4 Kc7 26. Qd4 Bb7 27. Bf4+ d6 28. Be3 Nc6 29. Qxb6+ Kc8 30. b3 Qd7 31. Rfd1 Ne5 32. b4 Qc6 33. Qd4 Ng4 34. Bf4 Re8 35. f3 Ne5 36. Re1 f6 37. Bg3 g5 38. Bf5+ Kc7 39. Bf2 h4 40. Rab1 Qxa4 41. Qb6+ Kb8 42. Qxd6+ Ka8 43. Qb6 Nc6 44. Rxe8+ Rxe8 45. Bd7 Qc2 46. Rf1 1-0

[Event "Oberliga NRW 0910"]
[Site "Germany"]
[Date "2009.10.25"]
[Round "2.7"]
[White "Krauth, Alexander"]
[Black "Hille, Ralph Ingo"]
[Result "0-1"]
[WhiteElo "2156"]
[BlackElo "2145"]
[PlyCount "122"]
[EventDate "2009.09.20"]
[EventType "team-tourn"]
[EventRounds "9"]
[EventCountry "GER"]
[SourceTitle "EXT 2011"]
[Source "ChessBase"]
[SourceDate "2010.11.26"]
[SourceVersion "1"]
[SourceVersionDate "2010.11.26"]
[SourceQuality "1"]
[WhiteTeam "Koeln SF"]
[BlackTeam "Castrop Rauxel"]
[WhiteTeamCountry "GER"]
[BlackTeamCountry "GER"]

1. e4 b6 2. d4 Bb7 3. Nc3 e6 4. Be3 Nf6 5. e5 Nd5 6. Nxd5 Bxd5 7. Qg4 d6 8. c4 Bb7 9. 0-0-0 Nd7 10. Be2 Qe7 11. Bf3 0-0-0 12. Bxb7+ Kxb7 13. Nf3 h6 14. Qe4+ c6 15. exd6 Qxd6 16. d5 cxd5 17. cxd5 Nf6 18. Qa4 Nxd5 19. Kb1 Qb4 20. Qxb4 Bxb4 21. Bd4 f6 22. a3 Be7 23. b4 e5 24. Bb2 Nf4 25. Nh4 Rxd1+ 26. Rxd1 Rd8 27. Rxd8 Bxd8 28. Nf5 Ne6 29. g3 Kc6 30. Kc2 b5 31. Kd3 Bb6 32. f3 Kd5 33. Ne7+ Kd6 34. Nf5+ Kd5 35. Ne7+ Kd6 36. Nf5+ Kd7 37. Bc3 h5 38. Ke2 g6 39. Nh4 Nf8 40. f4 exf4 41. gxf4 Ke6 42. Kd3 g5 43. f5+ Kf7 44. Nf3 g4 45. Nd4 a6 46. Be1 Nd7 47. Ne6 Ne5+ 48. Ke4 Nf3 49. Bg3 Ng5+ 50. Kd5 Nxe6 51. fxe6+ Ke8 52. Ke4 Ke7 53. Kf5 Bd4 54. Kg6 Kxe6 55. Kxh5 f5 56. Kg5 Bb2 57. Be1 Bxa3 58. Kf4 Bb2 59. h4 gxh3 60. Kg3 Kd5 61. Kxh3 Kc4 0-1

[Event "NRW Class2 0809"]
[Site "Germany"]
[Date "2009.04.26"]
[Round "9.8"]
[White "Hille, Ralph Ingo"]
[Black "Beer, Markus"]
[Result "0-1"]
[WhiteElo "2164"]
[BlackElo "2000"]
[PlyCount "102"]
[EventDate "2008.09.21"]
[EventType "tourn"]
[EventRounds "9"]
[EventCountry "GER"]
[SourceTitle "EXT 2010"]
[Source "ChessBase"]
[SourceDate "2010.11.25"]
[SourceVersion "1"]
[SourceVersionDate "2010.11.25"]
[SourceQuality "1"]
[WhiteTeam "Castrop Rauxel"]
[BlackTeam "Guetersloh"]
[WhiteTeamCountry "GER"]
[BlackTeamCountry "GER"]

1. d4 d6 2. e4 Nf6 3. Nc3 g6 4. f4 Bg7 5. Nf3 0-0 6. e5 dxe5 7. fxe5 Nd5 8. Bc4 Be6 9. Qe2 c5 10. Nxd5 Bxd5 11. Bxd5 Qxd5 12. c4 Qd7 13. d5 e6 14. dxe6 Qxe6 15. 0-0 Nc6 16. Bf4 f6 17. Be3 Nxe5 18. Bxc5 Rfc8 19. Bd4 Qxc4 20. Qxc4+ Rxc4 21. Bc3 Nxf3+ 22. Rxf3 f5 23. Bxg7 Kxg7 24. Rd1 Rf8 25. Rd7+ Rf7 26. Rfd3 Rc1+ 27. Kf2 Rc2+ 28. Rd2 Rxd7 29. Rxc2 Kf6 30. Ke3 g5 31. g3 h5 32. a3 a6 33. Rc8 f4+ 34. gxf4 gxf4+ 35. Kxf4 Rd2 36. b4 Rxh2 37. Rc7 Rf2+ 38. Ke3 Ra2 39. Rxb7 Rxa3+ 40. Kd4 h4 41. Rh7 Kg5 42. Kc5 Kg4 43. Kb6 h3 44. Rh6 Kg3 45. Rg6+ Kf2 46. Rh6 Kg2 47. Rg6+ Rg3 48. Rh6 Rg4 49. Kc5 h2 50. Rxa6 h1Q 51. Ra2+ Kh3 0-1

[Event "NRW Class2 0809"]
[Site "Germany"]
[Date "2008.11.09"]
[Round "3.6"]
[White "Rietman, Frits"]
[Black "Hille, Ralph Ingo"]
[Result "1-0"]
[WhiteElo "2252"]
[BlackElo "2164"]
[PlyCount "147"]
[EventDate "2008.09.21"]
[EventType "tourn"]
[EventRounds "9"]
[EventCountry "GER"]
[SourceTitle "EXT 2010"]
[Source "ChessBase"]
[SourceDate "2010.11.25"]
[SourceVersion "1"]
[SourceVersionDate "2010.11.25"]
[SourceQuality "1"]
[WhiteTeam "Emsdetten II"]
[BlackTeam "Castrop Rauxel"]
[WhiteTeamCountry "GER"]
[BlackTeamCountry "GER"]

1. e4 e6 2. d4 b6 3. Nf3 Bb7 4. Bd3 c5 5. c3 Nf6 6. e5 Nd5 7. 0-0 Be7 8. dxc5 bxc5 9. Na3 Nc6 10. Nc4 Qc7 11. Re1 Na5 12. Nxa5 Qxa5 13. Nd2 Qc7 14. Nc4 Nb6 15. Nd2 0-0-0 16. Be4 f6 17. f4 f5 18. Bxb7+ Qxb7 19. a4 g5 20. a5 Nd5 21. fxg5 Rhg8 22. Nf3 Rg7 23. a6 Qc6 24. Qa4 f4 25. Bxf4 Nxf4 26. Qxf4 Rf8 27. Qe4 Bxg5 28. Qxc6+ dxc6 29. Kf1 Kc7 30. Rad1 Be7 31. Re2 Kb6 32. Rd7 Rgf7 33. b3 Bd8 34. Red2 Bc7 35. Ke1 Kxa6 36. Kd1 Kb6 37. Kc2 h5 38. Rxf7 Rxf7 39. Kd3 Rf5 40. Ke4 Rf7 41. Re2 Rf5 42. g3 Kb7 43. h3 Kc8 44. Rd2 Rf7 45. c4 Rg7 46. Rg2 Kd7 47. g4 hxg4 48. hxg4 Ke8 49. Ne1 Bd8 50. Nd3 Be7 51. Nf4 Kf7 52. Rg1 Rg8 53. Nh5 Bg5 54. Ra1 Rb8 55. Rxa7+ Kg6 56. Nf4+ Bxf4 57. Kxf4 Rxb3 58. Re7 Rc3 59. Rxe6+ Kf7 60. Rxc6 Rxc4+ 61. Kf5 Rc1 62. Rc7+ Kf8 63. Kf6 Rf1+ 64. Kg6 Rc1 65. Kf6 Ke8 66. g5 c4 67. g6 Kd8 68. Ra7 Rf1+ 69. Ke6 Rg1 70. g7 c3 71. g8Q+ Rxg8 72. Ra8+ Kc7 73. Rxg8 c2 74. Rg1 1-0

[Event "NRW Class2 0607"]
[Site "Germany"]
[Date "2007.04.15"]
[Round "8.4"]
[White "Hille, Ralph Ingo"]
[Black "Bornemann, Michael"]
[Result "1/2-1/2"]
[WhiteElo "2181"]
[BlackElo "2173"]
[PlyCount "84"]
[EventDate "2006.09.17"]
[EventType "tourn"]
[EventRounds "9"]
[EventCountry "GER"]
[SourceTitle "EXT 2008"]
[Source "ChessBase"]
[SourceDate "2007.11.25"]
[SourceVersion "1"]
[SourceVersionDate "2007.11.25"]
[SourceQuality "1"]
[WhiteTeam "Castrop Rauxel"]
[BlackTeam "Hagen"]
[WhiteTeamCountry "GER"]
[BlackTeamCountry "GER"]

1. Nf3 d5 2. c4 e6 3. g3 c6 4. Bg2 Nf6 5. d4 Nbd7 6. 0-0 Be7 7. Qc2 0-0 8. Rd1 Ne4 9. Nfd2 f5 10. Nxe4 fxe4 11. f3 exf3 12. exf3 dxc4 13. Qxc4 Nb6 14. Qe2 Bf6 15. Be3 Qe7 16. f4 Rd8 17. Nc3 Qb4 18. Be4 Nd5 19. Bf2 Nxc3 20. bxc3 Qxc3 21. Rac1 Qb4 22. Rc4 Qe7 23. g4 g6 24. g5 Bg7 25. Bc2 Qd6 26. Qe3 a5 27. a4 b5 28. Rc5 Rb8 29. h4 bxa4 30. Bxa4 Rb4 31. Bxc6 Bxd4 32. Rxd4 Rxd4 33. Qxd4 Qxd4 34. Bxd4 Rxd4 35. Rxa5 Rxf4 36. Ra8 Rf8 37. Kg2 Kg7 38. Kg3 e5 39. Bd5 Bf5 40. Ra7+ Kh8 41. Re7 e4 42. Bxe4 Bxe4 1/2-1/2

[Event "NRW Class2 0607"]
[Site "Germany"]
[Date "2007.03.18"]
[Round "7.8"]
[White "Molinaroli, Martin"]
[Black "Hille, Ralph Ingo"]
[Result "1-0"]
[WhiteElo "2237"]
[BlackElo "2181"]
[PlyCount "87"]
[EventDate "2006.09.17"]
[EventType "tourn"]
[EventRounds "9"]
[EventCountry "GER"]
[SourceTitle "EXT 2008"]
[Source "ChessBase"]
[SourceDate "2007.11.25"]
[SourceVersion "1"]
[SourceVersionDate "2007.11.25"]
[SourceQuality "1"]
[WhiteTeam "Muenster II"]
[BlackTeam "Castrop Rauxel"]
[WhiteTeamCountry "GER"]
[BlackTeamCountry "GER"]

1. d4 d6 2. Nf3 Bg4 3. g3 Nd7 4. Bg2 Ngf6 5. 0-0 e5 6. c4 c6 7. Nc3 Be7 8. b3 0-0 9. d5 Bxf3 10. exf3 c5 11. f4 Ne8 12. fxe5 Nxe5 13. Bb2 f5 14. f4 Ng4 15. Qd2 Bf6 16. Rae1 Bd4+ 17. Kh1 Nc7 18. h3 Nf6 19. Kh2 Qd7 20. Nd1 Bxb2 21. Qxb2 Rae8 22. Qc2 g6 23. Nf2 b5 24. Nd3 b4 25. Qf2 Rf7 26. Ne5 dxe5 27. fxe5 Ne4 28. e6 Nxf2 29. exd7 Rxd7 30. Rxe8+ Nxe8 31. Rxf2 Re7 32. a3 a5 33. axb4 axb4 34. Ra2 Re3 35. Ra5 Rxb3 36. Rxc5 Rc3 37. Rb5 Rxc4 38. d6 Rd4 39. Bd5+ Kg7 40. d7 Nf6 41. d8Q Rd2+ 42. Kg1 Rd1+ 43. Kg2 Rd2+ 44. Kf1 1-0

[Event "NRW Class2 0607"]
[Site "Germany"]
[Date "2007.02.25"]
[Round "6.8"]
[White "Hille, Ralph Ingo"]
[Black "Lehmann, Martin"]
[Result "1/2-1/2"]
[WhiteElo "2181"]
[BlackElo "1978"]
[PlyCount "91"]
[EventDate "2006.09.17"]
[EventType "tourn"]
[EventRounds "9"]
[EventCountry "GER"]
[SourceTitle "EXT 2008"]
[Source "ChessBase"]
[SourceDate "2007.11.25"]
[SourceVersion "1"]
[SourceVersionDate "2007.11.25"]
[SourceQuality "1"]
[WhiteTeam "Castrop Rauxel"]
[BlackTeam "Brackweda"]
[WhiteTeamCountry "GER"]
[BlackTeamCountry "GER"]

1. Nf3 Nf6 2. c4 g6 3. g3 Bg7 4. Bg2 0-0 5. 0-0 d6 6. d4 Nbd7 7. Nc3 e5 8. h3 a6 9. Be3 Rb8 10. dxe5 Nxe5 11. Nxe5 dxe5 12. Ba7 Ra8 13. Bc5 Re8 14. Qxd8 Rxd8 15. Rfd1 Re8 16. Rd2 c6 17. Rad1 Be6 18. Na4 Bh6 19. e3 Bf8 20. b3 Rac8 21. g4 g5 22. Bxf8 Kxf8 23. Nc5 Rc7 24. Nxb7 Rxb7 25. Bxc6 Rbb8 26. Bxe8 Kxe8 27. Rd6 Ra8 28. f3 Nd7 29. Rc6 a5 30. a3 Rb8 31. c5 Bxb3 32. Rb1 a4 33. Kf2 Kd8 34. Kg3 Rc8 35. Rxc8+ Kxc8 36. h4 h6 37. hxg5 hxg5 38. f4 Kc7 39. Rc1 gxf4+ 40. exf4 exf4+ 41. Kxf4 Kc6 42. Ke4 Nf6+ 43. Kd4 Nxg4 44. Rf1 Be6 45. Rf4 Kb5 46. Kc3 1/2-1/2

[Event "NRW Class2 0607"]
[Site "Germany"]
[Date "2006.10.29"]
[Round "2.7"]
[White "Hille, Ralph Ingo"]
[Black "Pilat, Daniel"]
[Result "1/2-1/2"]
[WhiteElo "2181"]
[BlackElo "2109"]
[PlyCount "42"]
[EventDate "2006.09.17"]
[EventType "tourn"]
[EventRounds "9"]
[EventCountry "GER"]
[SourceTitle "EXT 2007"]
[Source "ChessBase"]
[SourceDate "2006.11.23"]
[SourceVersion "1"]
[SourceVersionDate "2006.11.23"]
[SourceQuality "1"]
[WhiteTeam "Castrop Rauxel"]
[BlackTeam "Bochum 31 II"]
[WhiteTeamCountry "GER"]
[BlackTeamCountry "GER"]

1. d4 d5 2. Nf3 Nf6 3. c4 e6 4. Nc3 Nbd7 5. cxd5 exd5 6. Bf4 c6 7. Qc2 Be7 8. e3 0-0 9. Bd3 Re8 10. 0-0-0 Nf8 11. h3 Qa5 12. Kb1 Be6 13. Ne5 c5 14. dxc5 Rec8 15. Qa4 Qxc5 16. Rc1 a6 17. Ne2 Qb6 18. Nd4 Rc5 19. Nb3 Rcc8 20. Nd4 N8d7 21. Nxd7 Nxd7 1/2-1/2

[Event "NRW Class2 0607"]
[Site "Germany"]
[Date "2006.09.17"]
[Round "1.7"]
[White "Reinemer, Frank"]
[Black "Hille, Ralph Ingo"]
[Result "0-1"]
[WhiteElo "2199"]
[BlackElo "2181"]
[PlyCount "80"]
[EventDate "2006.09.17"]
[EventType "tourn"]
[EventRounds "9"]
[EventCountry "GER"]
[SourceTitle "EXT 2007"]
[Source "ChessBase"]
[SourceDate "2006.11.23"]
[SourceVersion "1"]
[SourceVersionDate "2006.11.23"]
[SourceQuality "1"]
[WhiteTeam "Monheim"]
[BlackTeam "Castrop Rauxel"]
[WhiteTeamCountry "GER"]
[BlackTeamCountry "GER"]

1. d4 b6 2. e4 Bb7 3. Nc3 e6 4. Nf3 Bb4 5. Bd3 Nf6 6. Qe2 d5 7. e5 Ne4 8. Bd2 Nxd2 9. Qxd2 Ba6 10. Bxa6 Nxa6 11. Qd3 Bxc3+ 12. bxc3 Nb8 13. h4 c5 14. Rh3 Nc6 15. Rg3 Kf8 16. Ng5 c4 17. Qf3 Qe7 18. Qh5 Kg8 19. Qh6 gxh6 20. Nxe6+ Qg5 21. hxg5 fxe6 22. gxh6+ Kf8 23. Rg7 Ne7 24. g4 Rg8 25. Rxh7 Rxg4 26. Ke2 Re8 27. Rh1 Kg8 28. Kf3 Rg6 29. Rg7+ Rxg7 30. hxg7 Kxg7 31. Kg4 Ng6 32. f4 Rh8 33. Rxh8 Nxh8 34. f5 Kf7 35. f6 Ng6 36. Kg5 Nf8 37. a4 Nd7 38. Kf4 a6 39. Ke3 b5 40. axb5 axb5 0-1

[Event "NRW Class1 0506"]
[Site "Germany"]
[Date "2006.05.07"]
[Round "9.4"]
[White "Freundlieb, Thomas"]
[Black "Hille, Ralph Ingo"]
[Result "1/2-1/2"]
[WhiteElo "2135"]
[BlackElo "2172"]
[PlyCount "41"]
[EventDate "2005.09.25"]
[EventType "team-tourn"]
[EventRounds "9"]
[EventCountry "GER"]
[SourceTitle "EXT 2006"]
[Source "ChessBase"]
[SourceDate "2005.11.24"]
[SourceVersion "1"]
[SourceVersionDate "2005.11.24"]
[SourceQuality "1"]
[WhiteTeam "Bergneustadt/Derschlag"]
[BlackTeam "Castrop Rauxel"]
[WhiteTeamCountry "GER"]
[BlackTeamCountry "GER"]

1. d4 e6 2. Nf3 b6 3. e3 Bb7 4. Bd3 f5 5. Nbd2 Nf6 6. c3 Be7 7. Qc2 d5 8. Ne5 0-0 9. 0-0 c5 10. b3 Nbd7 11. Nxd7 Nxd7 12. Bb2 Rc8 13. Rac1 g6 14. c4 Bf6 15. Nf3 Qe7 16. Qe2 e5 17. dxe5 Nxe5 18. Nxe5 Bxe5 19. Bxe5 Qxe5 20. cxd5 Bxd5 21. Bc4 1/2-1/2

[Event "NRW Class1 0506"]
[Site "Germany"]
[Date "2006.02.12"]
[Round "6.7"]
[White "Hille, Ralph Ingo"]
[Black "Rosskothen, Arnd"]
[Result "1-0"]
[WhiteElo "2172"]
[BlackElo "2190"]
[PlyCount "79"]
[EventDate "2005.09.25"]
[EventType "team-tourn"]
[EventRounds "9"]
[EventCountry "GER"]
[SourceTitle "EXT 2006"]
[Source "ChessBase"]
[SourceDate "2005.11.24"]
[SourceVersion "1"]
[SourceVersionDate "2005.11.24"]
[SourceQuality "1"]
[WhiteTeam "Castrop Rauxel"]
[BlackTeam "Koeln Brueck"]
[WhiteTeamCountry "GER"]
[BlackTeamCountry "GER"]

1. d4 Nf6 2. c4 e6 3. Nf3 b6 4. g3 Ba6 5. b3 Bb7 6. Bg2 Bb4+ 7. Bd2 a5 8. 0-0 0-0 9. a3 Bxd2 10. Nbxd2 d5 11. e3 c5 12. Qc2 Nbd7 13. Rfd1 Qe7 14. Qb2 Rfd8 15. h3 g6 16. Rac1 Ne4 17. Nxe4 dxe4 18. Ne5 cxd4 19. exd4 Nxe5 20. dxe5 e3 21. fxe3 Bxg2 22. Kxg2 Qg5 23. Qc3 Qe7 24. Rd4 Qxa3 25. Rcd1 Qe7 26. Rd6 Rxd6 27. exd6 Qb7+ 28. Kf2 Rd8 29. Qe5 Rd7 30. h4 h5 31. Qb5 Rd8 32. c5 Qe4 33. c6 Qc2+ 34. Ke1 Qc3+ 35. Ke2 Qc2+ 36. Rd2 Qe4 37. c7 Qg2+ 38. Kd1 Qg1+ 39. Kc2 Rc8 40. Qd7 1-0

[Event "NRW Class1 0506"]
[Site "Germany"]
[Date "2005.12.04"]
[Round "4.8"]
[White "Flesch, Stefan"]
[Black "Hille, Ralph Ingo"]
[Result "0-1"]
[WhiteElo "2112"]
[BlackElo "2172"]
[PlyCount "145"]
[EventDate "2005.09.25"]
[EventType "team-tourn"]
[EventRounds "9"]
[EventCountry "GER"]
[SourceTitle "EXT 2006"]
[Source "ChessBase"]
[SourceDate "2005.11.24"]
[SourceVersion "1"]
[SourceVersionDate "2005.11.24"]
[SourceQuality "1"]
[WhiteTeam "Duesseldorf II"]
[BlackTeam "Castrop Rauxel"]
[WhiteTeamCountry "GER"]
[BlackTeamCountry "GER"]

1. d4 e6 2. c4 b6 3. Nf3 Bb7 4. Nc3 f5 5. e3 Nf6 6. Be2 Be7 7. 0-0 0-0 8. b3 Ne4 9. Bb2 Bf6 10. Qc2 Na6 11. a3 c5 12. dxc5 Naxc5 13. b4 Nxc3 14. Bxc3 Ne4 15. Bxf6 Qxf6 16. Rac1 Rac8 17. Qd3 Rc7 18. Qd4 Rfc8 19. Rfd1 Ba6 20. a4 Kf8 21. Bf1 Ke7 22. b5 Bb7 23. Ra1 d6 24. a5 e5 25. Qb2 g5 26. Nd2 Nc5 27. Nb3 Ne6 28. Qd2 Rd8 29. axb6 axb6 30. Ra7 Rcd7 31. Qb4 Nc5 32. Nxc5 dxc5 33. Rxd7+ Rxd7 34. Qc3 e4 35. Qxf6+ Kxf6 36. g3 Ke5 37. Be2 Kd6 38. Ra1 Kc7 39. Rd1 Rg7 40. Kf1 Rg8 41. Ra1 Rf8 42. Ra3 Rd8 43. Ke1 Rd6 44. Kf1 Rd2 45. Ke1 Rd6 46. Kf1 Kb8 47. Ra1 Bc8 48. f4 gxf4 49. gxf4 Be6 50. Rc1 Rd2 51. Ke1 Ra2 52. Kd1 Kc7 53. Rc2 Ra3 54. Kd2 Kd6 55. Rc3 Ra8 56. Ke1 Ke7 57. Rc2 Ra4 58. Kf2 Kf6 59. Bf1 Kg6 60. Be2 Kh6 61. Ke1 Bf7 62. Rd2 Bxc4 63. Rd6+ Kg7 64. Bxc4 Rxc4 65. Rxb6 Rb4 66. Rb7+ Kg6 67. b6 h6 68. Kd2 Rb3 69. Kc2 c4 70. Rc7 Rxb6 71. Rxc4 Kh5 72. Kc3 Kg4 73. Kd4 0-1